[Event "Girls U14 Polish Youth Championship"]
[Site "chess24.com"]
[Date "2018.04.30"]
[Round "3"]
[White "Bienko, Jagoda"]
[Black "Wikar, Martyna"]
[Result "0-1"]
[Board "5"]
[WhiteElo "1476"]
[WhiteCountry "POL"]
[WhiteFideId "1194569"]
[WhiteEloChange "-2"]
[BlackElo "2029"]
[BlackCountry "POL"]
[BlackFideId "21807663"]
[BlackEloChange "2"]

1. d4 {[%clk 1:30:53]} Nf6 {[%clk 1:30:52]} 2. c4 {[%clk 1:31:10]} d6 {[%clk
1:31:16]} 3. Nc3 {[%clk 1:31:29]} Nbd7 {[%clk 1:30:55]} 4. e4 {[%clk 1:31:41]} e5
{[%clk 1:30:39]} 5. d5 {[%clk 1:31:50]} Nc5 {[%clk 1:30:26]} 6. Qc2 {[%clk
1:30:27]} a5 {[%clk 1:30:05]} 7. Nf3 {[%clk 1:28:58]} g6 {[%clk 1:28:38]} 8. Be2
{[%clk 1:27:35]} Bg7 {[%clk 1:28:37]} 9. Be3 {[%clk 1:26:44]} b6 {[%clk 1:28:43]}
10. O-O {[%clk 1:25:07]} Bd7 {[%clk 1:27:06]} 11. Rab1 {[%clk 1:23:21]} O-O
{[%clk 1:27:07]} 12. Ne1 {[%clk 1:19:10]} Ne8 {[%clk 1:24:55]} 13. Nd3 {[%clk
1:18:05]} f5 {[%clk 1:23:50]} 14. Nxc5 {[%clk 1:16:10]} bxc5 {[%clk 1:24:03]} 15.
f3 {[%clk 1:13:41]} f4 {[%clk 1:22:04]} 16. Bf2 {[%clk 1:13:40]} Qg5 {[%clk
1:21:07]} 17. g3 {[%clk 1:13:10]} Bh3 {[%clk 1:19:03]} 18. Rfc1 {[%clk 1:05:33]}
Nf6 {[%clk 1:16:26]} 19. Qd1 {[%clk 1:04:19]} Nh5 {[%clk 1:11:00]} 20. Qe1 {[%clk
1:02:51]} fxg3 {[%clk 1:06:07]} 21. hxg3 {[%clk 1:02:42]} Nf4 {[%clk 1:02:30]}
22. Bf1 {[%clk 0:55:03]} Bh6 {[%clk 0:46:37]} 23. Rc2 {[%clk 0:51:38]} Rf7 {[%clk
0:39:35]} 24. Nd1 {[%clk 0:49:11]} Bxf1 {[%clk 0:33:48]} 25. Qxf1 {[%clk
0:49:31]} Raf8 {[%clk 0:33:17]} 26. Rc3 {[%clk 0:49:06]} Bg7 {[%clk 0:32:12]} 27.
a3 {[%clk 0:43:26]} Rb8 {[%clk 0:29:29]} 28. Rbc1 {[%clk 0:42:40]} Bf6 {[%clk
0:27:59]} 29. R1c2 {[%clk 0:38:22]} Kg7 {[%clk 0:28:03]} 30. Ne3 {[%clk 0:38:01]}
Be7 {[%clk 0:24:53]} 31. Ng4 {[%clk 0:32:52]} h5 {[%clk 0:23:51]} 32. gxf4 {[%clk
0:31:12]} exf4 {[%clk 0:23:42]} 33. Qh3 {[%clk 0:30:25]} hxg4 {[%clk 0:22:45]}
34. Qxg4 {[%clk 0:30:46]} Qxg4+ {[%clk 0:22:59]} 35. fxg4 {[%clk 0:31:06]} Bf6
{[%clk 0:23:16]} 36. Rf3 {[%clk 0:27:19]} Bxb2 {[%clk 0:22:27]} 37. Be1 {[%clk
0:27:00]} Bd4+ {[%clk 0:22:11]} 38. Kg2 {[%clk 0:26:15]} a4 {[%clk 0:22:15]} 39.
Bc3 {[%clk 0:26:13]} Bxc3 {[%clk 0:22:36]} 40. Rfxc3 {[%clk 0:25:52]} g5 {[%clk
0:22:41]} 41. Rd3 {[%clk 0:24:31]} Kg6 {[%clk 0:21:08]} 42. Rh3 {[%clk 0:24:14]}
Re7 {[%clk 0:21:06]} 43. Re2 {[%clk 0:24:12]} Rb1 {[%clk 0:20:53]} 44. Rh1 {[%clk
0:23:26]} f3+ {[%clk 0:20:51]} 0-1

[Event "Girls U14 Polish Youth Championship"]
[Site "chess24.com"]
[Date "2018.04.30"]
[Round "3"]
[White "Libura, Julianna"]
[Black "Czarnecka, Lidia"]
[Result "1/2-1/2"]
[Board "6"]
[WhiteElo "1466"]
[WhiteCountry "POL"]
[WhiteFideId "21820708"]
[WhiteEloChange "8"]
[BlackElo "1809"]
[BlackCountry "POL"]
[BlackFideId "21807531"]
[BlackEloChange "-8"]

1. e4 {[%clk 1:30:58]} c5 {[%clk 1:29:40]} 2. Nf3 {[%clk 1:31:12]} e6 {[%clk
1:28:17]} 3. d4 {[%clk 1:31:29]} cxd4 {[%clk 1:28:16]} 4. Nxd4 {[%clk 1:31:45]}
a6 {[%clk 1:28:15]} 5. Bd3 {[%clk 1:31:14]} Qc7 {[%clk 1:28:18]} 6. O-O {[%clk
1:31:17]} Nf6 {[%clk 1:28:24]} 7. Qe2 {[%clk 1:29:52]} d6 {[%clk 1:28:13]} 8. a4
{[%clk 1:29:33]} Be7 {[%clk 1:28:18]} 9. Nc3 {[%clk 1:29:51]} O-O {[%clk
1:28:16]} 10. Kh1 {[%clk 1:27:53]} Nbd7 {[%clk 1:27:53]} 11. f4 {[%clk 1:26:06]}
b6 {[%clk 1:22:38]} 12. Rf3 {[%clk 1:24:29]} Bb7 {[%clk 1:21:56]} 13. Rg3 {[%clk
1:24:01]} Kh8 {[%clk 1:20:27]} 14. f5 {[%clk 1:20:53]} e5 {[%clk 1:19:22]} 15.
Nf3 {[%clk 1:20:55]} d5 {[%clk 1:14:53]} 16. exd5 {[%clk 1:19:50]} Nxd5 {[%clk
1:15:02]} 17. Nxd5 {[%clk 1:19:48]} Bxd5 {[%clk 1:15:25]} 18. Ng5 {[%clk
1:18:32]} Bxg5 {[%clk 1:14:14]} 19. Bxg5 {[%clk 1:18:44]} f6 {[%clk 1:14:16]} 20.
Bd2 {[%clk 1:15:21]} Nc5 {[%clk 1:07:58]} 21. Bb4 {[%clk 1:10:47]} a5 {[%clk
1:05:16]} 22. Bxc5 {[%clk 1:09:50]} Qxc5 {[%clk 1:05:14]} 23. Rh3 {[%clk
1:08:12]} Rac8 {[%clk 1:02:25]} 24. Qh5 {[%clk 1:06:27]} Bg8 {[%clk 1:02:41]} 25.
b3 {[%clk 1:01:48]} Rfd8 {[%clk 1:01:36]} 26. Re1 {[%clk 0:55:09]} Rd4 {[%clk
1:01:31]} 27. Rhe3 {[%clk 0:49:06]} Rcd8 {[%clk 1:01:06]} 28. Qe2 {[%clk
0:47:51]} Qd6 {[%clk 0:59:20]} 29. Be4 {[%clk 0:44:43]} h6 {[%clk 0:52:06]} 30.
h3 {[%clk 0:44:34]} Qc5 {[%clk 0:38:27]} 31. Qf3 {[%clk 0:42:00]} 1/2-1/2

[Event "Girls U14 Polish Youth Championship"]
[Site "chess24.com"]
[Date "2018.04.30"]
[Round "3"]
[White "Bugaj, Hanna"]
[Black "Goraj, Barbara"]
[Result "0-1"]
[Board "7"]
[WhiteElo "1427"]
[WhiteCountry "POL"]
[WhiteFideId "21829870"]
[WhiteEloChange "-2"]
[BlackElo "1784"]
[BlackCountry "POL"]
[BlackFideId "21816166"]
[BlackEloChange "2"]

1. d4 {[%clk 1:30:58]} Nf6 {[%clk 1:30:50]} 2. Nf3 {[%clk 1:31:19]} g6 {[%clk
1:31:14]} 3. e3 {[%clk 1:31:41]} Bg7 {[%clk 1:31:37]} 4. Bd3 {[%clk 1:31:59]} c5
{[%clk 1:30:18]} 5. c3 {[%clk 1:31:39]} b6 {[%clk 1:29:54]} 6. Nbd2 {[%clk
1:30:00]} Bb7 {[%clk 1:29:35]} 7. O-O {[%clk 1:28:29]} O-O {[%clk 1:28:54]} 8.
Re1 {[%clk 1:22:13]} d5 {[%clk 1:26:46]} 9. Qe2 {[%clk 1:03:34]} Nc6 {[%clk
1:20:40]} 10. b3 {[%clk 0:55:29]} Nd7 {[%clk 1:14:28]} 11. Bb2 {[%clk 0:52:44]}
e5 {[%clk 1:12:17]} 12. dxe5 {[%clk 0:51:01]} Ndxe5 {[%clk 1:11:18]} 13. Nxe5
{[%clk 0:48:55]} Nxe5 {[%clk 1:10:37]} 14. Bc2 {[%clk 0:48:26]} Qc7 {[%clk
1:07:29]} 15. Rac1 {[%clk 0:42:55]} Rfe8 {[%clk 1:03:35]} 16. e4 {[%clk 0:27:02]}
Rad8 {[%clk 0:55:22]} 17. Qf1 {[%clk 0:15:24]} Qc8 {[%clk 0:39:21]} 18. f4 {[%clk
0:10:46]} dxe4 {[%clk 0:37:43]} 19. Nxe4 {[%clk 0:09:54]} Ng4 {[%clk 0:36:17]}
20. h3 {[%clk 0:08:18]} Nf6 {[%clk 0:36:23]} 21. Nxf6+ {[%clk 0:08:06]} Bxf6
{[%clk 0:36:48]} 22. f5 {[%clk 0:07:18]} Rd2 {[%clk 0:33:19]} 23. fxg6 {[%clk
0:00:40]} fxg6 {[%clk 0:28:02]} 24. Qxf6 {[%clk 0:00:35]} Rxg2+ {[%clk 0:28:17]}
25. Kf1 {[%clk 0:00:57]} Rf8 {[%clk 0:28:10]} 26. Re2 {[%clk 0:00:37]} Rxf6+
{[%clk 0:28:33]} 27. Ke1 {[%clk 0:01:00]} Rxe2+ {[%clk 0:28:40]} 28. Kxe2 {[%clk
0:01:23]} Qe6+ {[%clk 0:29:06]} 0-1

[Event "Girls U14 Polish Youth Championship"]
[Site "chess24.com"]
[Date "2018.04.30"]
[Round "3"]
[White "Mezykowska, Emilia"]
[Black "Trzaskowska, Hanna"]
[Result "1-0"]
[Board "8"]
[WhiteElo "1464"]
[WhiteCountry "POL"]
[WhiteFideId "21862524"]
[WhiteEloChange "13"]
[BlackElo "1589"]
[BlackCountry "POL"]
[BlackFideId "21820716"]
[BlackEloChange "-13"]

1. e4 {[%clk 1:30:58]} e5 {[%clk 1:30:57]} 2. Nf3 {[%clk 1:31:22]} Nc6 {[%clk
1:31:23]} 3. d4 {[%clk 1:31:45]} exd4 {[%clk 1:31:45]} 4. Nxd4 {[%clk 1:32:10]}
Nf6 {[%clk 1:32:04]} 5. Nc3 {[%clk 1:32:31]} Bb4 {[%clk 1:32:27]} 6. Nxc6 {[%clk
1:32:53]} bxc6 {[%clk 1:32:46]} 7. Bd3 {[%clk 1:33:17]} O-O {[%clk 1:32:51]} 8.
O-O {[%clk 1:33:41]} d5 {[%clk 1:33:16]} 9. exd5 {[%clk 1:34:01]} cxd5 {[%clk
1:33:40]} 10. Bg5 {[%clk 1:34:19]} c6 {[%clk 1:33:58]} 11. Qf3 {[%clk 1:34:38]}
Be7 {[%clk 1:34:06]} 12. Rae1 {[%clk 1:31:30]} h6 {[%clk 1:27:44]} 13. Bxh6
{[%clk 1:30:57]} Ng4 {[%clk 0:14:52]} 14. Bf4 {[%clk 1:14:02]} Be6 {[%clk
0:06:54]} 15. Rxe6 {[%clk 1:10:23]} fxe6 {[%clk 0:01:23]} 16. Qxg4 {[%clk
1:10:31]} Qc8 {[%clk 0:00:40]} 17. Bg6 {[%clk 1:08:57]} Rf6 {[%clk 0:00:32]} 18.
Be5 {[%clk 1:00:12]} 1-0

[Event "Girls U14 Polish Youth Championship"]
[Site "chess24.com"]
[Date "2018.04.30"]
[Round "3"]
[White "Krzyzosiak, Marta"]
[Black "Mysliwiec, Natalia"]
[Result "1-0"]
[Board "9"]
[WhiteElo "1567"]
[WhiteCountry "POL"]
[WhiteFideId "21820449"]
[WhiteEloChange "5"]
[BlackElo "1391"]
[BlackCountry "POL"]
[BlackFideId "21831262"]
[BlackEloChange "-5"]

1. e4 {[%clk 1:30:58]} d5 {[%clk 1:30:58]} 2. exd5 {[%clk 1:31:13]} Qxd5 {[%clk
1:31:26]} 3. Nc3 {[%clk 1:31:26]} Qd6 {[%clk 1:31:51]} 4. d4 {[%clk 1:31:11]} Nf6
{[%clk 1:31:45]} 5. Bc4 {[%clk 1:30:48]} Bf5 {[%clk 1:29:48]} 6. Nge2 {[%clk
1:23:18]} a6 {[%clk 1:27:37]} 7. Bf4 {[%clk 1:20:13]} Qd7 {[%clk 1:26:44]} 8. Qd2
{[%clk 1:14:37]} e6 {[%clk 1:24:00]} 9. O-O-O {[%clk 1:13:48]} Nc6 {[%clk
1:24:04]} 10. d5 {[%clk 1:09:11]} exd5 {[%clk 1:17:40]} 11. Bxd5 {[%clk 1:07:22]}
Bc5 {[%clk 1:10:23]} 12. f3 {[%clk 1:04:15]} O-O-O {[%clk 1:10:17]} 13. Bb3
{[%clk 1:02:12]} Qe7 {[%clk 1:08:06]} 14. Qe1 {[%clk 1:00:58]} Rhe8 {[%clk
1:06:55]} 15. Qg3 {[%clk 0:59:09]} Bg6 {[%clk 1:01:28]} 16. Bg5 {[%clk 0:56:54]}
Be3+ {[%clk 0:55:38]} 17. Kb1 {[%clk 0:55:35]} Bxg5 {[%clk 0:54:56]} 18. Qxg5
{[%clk 0:55:40]} h6 {[%clk 0:55:02]} 19. Qg3 {[%clk 0:55:04]} Rxd1+ {[%clk
0:53:52]} 20. Rxd1 {[%clk 0:55:15]} Nh5 {[%clk 0:54:05]} 21. Qg4+ {[%clk
0:53:01]} Kb8 {[%clk 0:53:36]} 22. Nf4 {[%clk 0:46:25]} Nxf4 {[%clk 0:41:00]} 23.
Qxf4 {[%clk 0:46:13]} Na5 {[%clk 0:38:49]} 24. Bd5 {[%clk 0:40:05]} f6 {[%clk
0:29:47]} 25. Qg4 {[%clk 0:38:51]} Bh7 {[%clk 0:28:53]} 26. Qa4 {[%clk 0:38:16]}
b6 {[%clk 0:23:47]} 27. b4 {[%clk 0:34:15]} Nb7 {[%clk 0:24:10]} 28. a3 {[%clk
0:33:51]} a5 {[%clk 0:20:24]} 29. Qc6 {[%clk 0:33:33]} Nd6 {[%clk 0:18:20]} 30.
Qa8# {[%clk 0:33:54]} 1-0

[Event "Girls U14 Polish Youth Championship"]
[Site "chess24.com"]
[Date "2018.04.30"]
[Round "3"]
[White "Marcinczyk, Monika"]
[Black "Pisarek, Elzbieta"]
[Result "1-0"]
[Board "10"]
[WhiteElo "1804"]
[WhiteTitle "WCM"]
[WhiteCountry "POL"]
[WhiteFideId "1192051"]
[WhiteEloChange "2"]
[BlackElo "1434"]
[BlackCountry "POL"]
[BlackFideId "21826234"]
[BlackEloChange "-2"]

1. e4 {[%clk 1:30:58]} c5 {[%clk 1:30:55]} 2. Nf3 {[%clk 1:31:21]} Nc6 {[%clk
1:31:11]} 3. d4 {[%clk 1:31:37]} cxd4 {[%clk 1:31:35]} 4. Nxd4 {[%clk 1:32:02]}
e5 {[%clk 1:31:50]} 5. Nb5 {[%clk 1:28:04]} a6 {[%clk 1:32:06]} 6. Nd6+ {[%clk
1:27:28]} Bxd6 {[%clk 1:32:27]} 7. Qxd6 {[%clk 1:27:50]} Qe7 {[%clk 1:32:51]} 8.
Qxe7+ {[%clk 1:24:45]} Ngxe7 {[%clk 1:33:12]} 9. Nc3 {[%clk 1:18:55]} Nd4 {[%clk
1:29:34]} 10. Bd3 {[%clk 1:17:56]} b5 {[%clk 1:26:48]} 11. Be3 {[%clk 1:15:43]}
Ndc6 {[%clk 1:26:28]} 12. O-O-O {[%clk 1:03:28]} O-O {[%clk 1:23:27]} 13. Bc5
{[%clk 1:02:43]} Re8 {[%clk 1:15:34]} 14. Be2 {[%clk 1:00:53]} Na5 {[%clk
1:12:11]} 15. Bxe7 {[%clk 0:59:49]} Rxe7 {[%clk 1:11:41]} 16. Nd5 {[%clk
1:00:00]} Kf8 {[%clk 1:10:46]} 17. Nxe7 {[%clk 0:59:57]} Kxe7 {[%clk 1:11:13]}
18. Rd5 {[%clk 0:50:55]} f6 {[%clk 1:10:37]} 19. Rhd1 {[%clk 0:50:57]} Ra7 {[%clk
1:08:44]} 20. Bg4 {[%clk 0:40:24]} Nc6 {[%clk 1:07:25]} 21. c3 {[%clk 0:39:26]}
Rc7 {[%clk 1:06:36]} 22. a3 {[%clk 0:37:40]} Na5 {[%clk 0:57:49]} 23. Kb1 {[%clk
0:37:08]} Nb7 {[%clk 0:54:21]} 24. f3 {[%clk 0:27:52]} Nc5 {[%clk 0:51:31]} 25.
Rd6 {[%clk 0:26:23]} Nb3 {[%clk 0:47:14]} 26. R6d5 {[%clk 0:21:46]} Nc5 {[%clk
0:44:58]} 27. Ka2 {[%clk 0:21:30]} Na4 {[%clk 0:44:14]} 28. h4 {[%clk 0:20:42]}
Nb6 {[%clk 0:42:54]} 29. R5d3 {[%clk 0:20:32]} h6 {[%clk 0:38:57]} 30. Bf5 {[%clk
0:20:15]} Na4 {[%clk 0:37:20]} 31. g4 {[%clk 0:19:30]} Nc5 {[%clk 0:37:20]} 32.
Rd5 {[%clk 0:19:29]} Ne6 {[%clk 0:36:47]} 33. Bxe6 {[%clk 0:17:41]} Kxe6 {[%clk
0:36:21]} 34. g5 {[%clk 0:13:26]} hxg5 {[%clk 0:35:37]} 35. hxg5 {[%clk 0:13:51]}
Bb7 {[%clk 0:33:20]} 36. Rd6+ {[%clk 0:12:03]} Ke7 {[%clk 0:33:41]} 37. gxf6+
{[%clk 0:08:42]} gxf6 {[%clk 0:34:01]} 38. R6d3 {[%clk 0:07:10]} Ke6 {[%clk
0:33:07]} 39. Rd6+ {[%clk 0:06:32]} Ke7 {[%clk 0:33:26]} 40. R6d3 {[%clk
0:05:54]} Ke6 {[%clk 0:33:46]} 41. Kb1 {[%clk 0:05:06]} Bc6 {[%clk 0:33:34]} 42.
Kc1 {[%clk 0:03:24]} Rc8 {[%clk 0:33:21]} 43. Kd2 {[%clk 0:02:19]} Rh8 {[%clk
0:31:37]} 44. Ke3 {[%clk 0:02:06]} f5 {[%clk 0:30:12]} 45. Rd6+ {[%clk 0:01:19]}
Kf7 {[%clk 0:29:49]} 46. exf5 {[%clk 0:01:07]} Rh5 {[%clk 0:29:18]} 47. Rxd7+
{[%clk 0:00:48]} Bxd7 {[%clk 0:28:53]} 48. Rxd7+ {[%clk 0:01:17]} Kf6 {[%clk
0:27:34]} 49. Rd6+ {[%clk 0:01:39]} Kxf5 {[%clk 0:27:56]} 50. Rxa6 {[%clk
0:02:02]} Rh2 {[%clk 0:27:46]} 51. b4 {[%clk 0:01:08]} Rc2 {[%clk 0:27:39]} 52.
Kd3 {[%clk 0:01:09]} Rf2 {[%clk 0:27:46]} 53. Ke3 {[%clk 0:01:36]} Rc2 {[%clk
0:28:12]} 54. Kd3 {[%clk 0:01:22]} Rf2 {[%clk 0:28:27]} 55. Rb6 {[%clk 0:01:06]}
Rxf3+ {[%clk 0:28:44]} 56. Kd2 {[%clk 0:01:16]} Rf2+ {[%clk 0:28:37]} 57. Ke3
{[%clk 0:01:21]} Rc2 {[%clk 0:28:29]} 58. Kd3 {[%clk 0:01:47]} Ra2 {[%clk
0:28:42]} 59. Rxb5 {[%clk 0:02:06]} Rxa3 {[%clk 0:29:07]} 60. Ra5 {[%clk
0:02:11]} Rxa5 {[%clk 0:27:50]} 61. bxa5 {[%clk 0:02:40]} Kf4 {[%clk 0:28:02]}
62. Ke2 {[%clk 0:03:05]} 1-0

[Event "Girls U14 Polish Youth Championship"]
[Site "chess24.com"]
[Date "2018.04.30"]
[Round "3"]
[White "Kroliczek, Gabriela"]
[Black "Sokol, Maria"]
[Result "1-0"]
[Board "11"]
[WhiteElo "1729"]
[WhiteCountry "POL"]
[WhiteFideId "21816727"]
[WhiteEloChange "3"]
[BlackElo "1401"]
[BlackCountry "POL"]
[BlackFideId "21823383"]
[BlackEloChange "-3"]

1. d4 {[%clk 1:30:55]} d5 {[%clk 1:30:53]} 2. c4 {[%clk 1:31:22]} e6 {[%clk
1:30:55]} 3. cxd5 {[%clk 1:31:34]} exd5 {[%clk 1:30:45]} 4. Nc3 {[%clk 1:31:59]}
Nf6 {[%clk 1:29:53]} 5. Bg5 {[%clk 1:32:23]} Be7 {[%clk 1:28:40]} 6. e3 {[%clk
1:32:47]} h6 {[%clk 1:28:40]} 7. Bh4 {[%clk 1:32:23]} c6 {[%clk 1:26:39]} 8. Bd3
{[%clk 1:32:42]} Nbd7 {[%clk 1:25:53]} 9. h3 {[%clk 1:31:30]} Bd6 {[%clk
1:23:28]} 10. Nge2 {[%clk 1:31:18]} Qc7 {[%clk 1:21:03]} 11. Qc2 {[%clk 1:28:42]}
a6 {[%clk 1:15:55]} 12. a3 {[%clk 1:19:58]} b6 {[%clk 1:12:10]} 13. Bg3 {[%clk
1:19:10]} Bxg3 {[%clk 1:12:26]} 14. Nxg3 {[%clk 1:19:36]} O-O {[%clk 1:06:42]}
15. Nf5 {[%clk 1:15:42]} Nb8 {[%clk 1:04:10]} 16. g4 {[%clk 1:15:17]} c5 {[%clk
1:02:54]} 17. dxc5 {[%clk 1:12:58]} bxc5 {[%clk 1:03:11]} 18. O-O-O {[%clk
1:12:43]} Be6 {[%clk 1:00:58]} 19. f4 {[%clk 1:10:56]} Qd7 {[%clk 0:55:03]} 20.
Qg2 {[%clk 1:03:38]} Nc6 {[%clk 0:52:47]} 21. Rdg1 {[%clk 0:45:07]} d4 {[%clk
0:52:32]} 22. Ne4 {[%clk 0:41:08]} Nh7 {[%clk 0:50:12]} 23. Nxc5 {[%clk 0:37:48]}
Qc7 {[%clk 0:49:44]} 24. Kb1 {[%clk 0:37:15]} Bxf5 {[%clk 0:46:25]} 25. gxf5
{[%clk 0:37:20]} f6 {[%clk 0:46:13]} 26. Ne6 {[%clk 0:36:16]} Qd7 {[%clk
0:46:12]} 27. Nxf8 {[%clk 0:35:51]} Rxf8 {[%clk 0:46:21]} 28. Bc4+ {[%clk
0:33:38]} Kh8 {[%clk 0:46:08]} 29. Be6 {[%clk 0:33:43]} Qc7 {[%clk 0:46:20]} 30.
Rc1 {[%clk 0:33:15]} dxe3 {[%clk 0:45:40]} 31. Qxc6 {[%clk 0:33:12]} Qxf4 {[%clk
0:46:01]} 32. Qb7 {[%clk 0:32:18]} e2 {[%clk 0:45:48]} 33. Rhe1 {[%clk 0:32:33]}
Qd2 {[%clk 0:45:46]} 34. Qb4 {[%clk 0:32:37]} Qd3+ {[%clk 0:46:07]} 35. Ka1
{[%clk 0:33:00]} Qxh3 {[%clk 0:46:10]} 36. Rxe2 {[%clk 0:33:04]} Qd3 {[%clk
0:46:03]} 37. Rec2 {[%clk 0:33:21]} h5 {[%clk 0:43:04]} 38. Rc8 {[%clk 0:33:18]}
Qe3 {[%clk 0:43:29]} 39. Rxf8+ {[%clk 0:33:27]} Nxf8 {[%clk 0:43:54]} 40. Qxf8+
{[%clk 0:33:53]} Kh7 {[%clk 0:44:17]} 41. Rc7 {[%clk 0:33:14]} Qe1+ {[%clk
0:44:06]} 42. Ka2 {[%clk 0:33:39]} Qg3 {[%clk 0:44:00]} 43. Qg8+ {[%clk 0:33:57]}
Kh6 {[%clk 0:44:26]} 44. Qh8+ {[%clk 0:34:21]} Kg5 {[%clk 0:44:51]} 45. Rxg7+
{[%clk 0:34:45]} 1-0

[Event "Girls U14 Polish Youth Championship"]
[Site "chess24.com"]
[Date "2018.04.30"]
[Round "3"]
[White "Hertlein, Irena"]
[Black "Sloniewska, Alicja"]
[Result "1-0"]
[Board "12"]
[WhiteElo "1582"]
[WhiteCountry "POL"]
[WhiteFideId "21817618"]
[WhiteEloChange "4"]
[BlackElo "1360"]
[BlackCountry "POL"]
[BlackFideId "21823359"]
[BlackEloChange "-4"]

1. d4 {[%clk 1:30:57]} f5 {[%clk 1:30:47]} 2. Nf3 {[%clk 1:31:14]} g6 {[%clk
1:31:01]} 3. b4 {[%clk 1:31:24]} Bg7 {[%clk 1:31:11]} 4. Bb2 {[%clk 1:31:44]} Nf6
{[%clk 1:31:16]} 5. c4 {[%clk 1:31:52]} O-O {[%clk 1:31:12]} 6. g3 {[%clk
1:31:36]} c6 {[%clk 1:30:38]} 7. Qb3 {[%clk 1:31:06]} d6 {[%clk 1:30:14]} 8. Bg2
{[%clk 1:30:13]} Na6 {[%clk 1:29:35]} 9. O-O {[%clk 1:29:23]} Nc7 {[%clk
1:28:56]} 10. Nbd2 {[%clk 1:27:53]} Qe8 {[%clk 1:28:05]} 11. e3 {[%clk 1:26:07]}
h6 {[%clk 1:24:11]} 12. c5+ {[%clk 1:19:51]} Be6 {[%clk 1:21:01]} 13. Qc2 {[%clk
1:19:16]} Bd5 {[%clk 1:16:54]} 14. Nc4 {[%clk 1:14:16]} Qf7 {[%clk 1:09:23]} 15.
Nfd2 {[%clk 1:10:16]} Bxg2 {[%clk 1:06:51]} 16. Kxg2 {[%clk 1:10:37]} Rfe8 {[%clk
0:57:54]} 17. Kg1 {[%clk 1:05:18]} Red8 {[%clk 0:50:44]} 18. a4 {[%clk 0:55:28]}
Ncd5 {[%clk 0:46:54]} 19. Ba3 {[%clk 0:47:48]} Ne8 {[%clk 0:43:30]} 20. Rab1
{[%clk 0:44:31]} a6 {[%clk 0:41:03]} 21. Na5 {[%clk 0:37:46]} e5 {[%clk 0:37:18]}
22. Ndb3 {[%clk 0:27:17]} f4 {[%clk 0:34:04]} 23. e4 {[%clk 0:20:28]} Ndf6 {[%clk
0:33:07]} 24. dxe5 {[%clk 0:20:19]} dxe5 {[%clk 0:32:47]} 25. Nc4 {[%clk
0:20:10]} Qe6 {[%clk 0:29:56]} 26. Nb6 {[%clk 0:18:10]} Qh3 {[%clk 0:25:54]} 27.
f3 {[%clk 0:17:13]} Rab8 {[%clk 0:24:49]} 28. Qg2 {[%clk 0:16:52]} Qh5 {[%clk
0:23:04]} 29. Rfd1 {[%clk 0:14:18]} fxg3 {[%clk 0:20:54]} 30. hxg3 {[%clk
0:11:50]} Qg5 {[%clk 0:20:34]} 31. Qf2 {[%clk 0:07:28]} Nh5 {[%clk 0:19:52]} 32.
Kh2 {[%clk 0:07:42]} Nhf6 {[%clk 0:19:24]} 33. Qe1 {[%clk 0:04:18]} Qh5+ {[%clk
0:18:42]} 34. Kg2 {[%clk 0:04:43]} g5 {[%clk 0:18:39]} 35. Qh1 {[%clk 0:03:38]}
Qf7 {[%clk 0:18:14]} 36. Na5 {[%clk 0:00:45]} Nc7 {[%clk 0:16:05]} 37. Nac4
{[%clk 0:00:37]} g4 {[%clk 0:15:34]} 38. Qf1 {[%clk 0:00:42]} Qh5 {[%clk
0:14:38]} 39. Nd6 {[%clk 0:00:42]} Rf8 {[%clk 0:12:23]} 40. Nf5 {[%clk 0:00:43]}
Qg5 {[%clk 0:11:30]} 41. Nd7 {[%clk 0:00:46]} Nxd7 {[%clk 0:10:13]} 42. Rxd7
{[%clk 0:01:10]} Ne6 {[%clk 0:09:27]} 43. Qc4 {[%clk 0:00:59]} gxf3+ {[%clk
0:08:50]} 44. Kf2 {[%clk 0:00:56]} Kh8 {[%clk 0:03:48]} 45. Qxe6 {[%clk 0:00:48]}
Bf6 {[%clk 0:03:34]} 46. Rh1 {[%clk 0:00:38]} h5 {[%clk 0:03:21]} 47. Qb3 {[%clk
0:00:40]} Rbd8 {[%clk 0:02:49]} 48. Bc1 {[%clk 0:00:39]} Qg6 {[%clk 0:02:29]} 49.
Rxd8 {[%clk 0:00:42]} Rxd8 {[%clk 0:02:25]} 50. Qxf3 {[%clk 0:00:55]} Kg8 {[%clk
0:01:57]} 51. Qxh5 {[%clk 0:00:36]} Qxh5 {[%clk 0:01:51]} 52. Rxh5 {[%clk
0:01:02]} Rd1 {[%clk 0:01:59]} 53. Be3 {[%clk 0:00:53]} Rb1 {[%clk 0:02:17]} 54.
Bd2 {[%clk 0:01:14]} Rb2 {[%clk 0:02:29]} 55. Ke1 {[%clk 0:01:06]} Rb1+ {[%clk
0:02:46]} 56. Ke2 {[%clk 0:01:28]} Rb2 {[%clk 0:02:41]} 57. Rh6 {[%clk 0:01:08]}
Kf7 {[%clk 0:02:31]} 58. Rh7+ {[%clk 0:00:50]} Ke6 {[%clk 0:02:41]} 59. Rxb7
{[%clk 0:00:41]} Bg5 {[%clk 0:02:34]} 60. Ne3 {[%clk 0:00:54]} 1-0

[Event "Girls U14 Polish Youth Championship"]
[Site "chess24.com"]
[Date "2018.04.30"]
[Round "3"]
[White "Siekanska, Zuzanna"]
[Black "Zniszczol, Wiktoria"]
[Result "1/2-1/2"]
[Board "13"]
[WhiteElo "1434"]
[WhiteCountry "POL"]
[WhiteFideId "21852537"]
[WhiteEloChange "3"]
[BlackElo "1555"]
[BlackCountry "POL"]
[BlackFideId "1194895"]
[BlackEloChange "-3"]

1. d4 {[%clk 1:30:56]} Nf6 {[%clk 1:30:55]} 2. c4 {[%clk 1:31:17]} c5 {[%clk
1:31:16]} 3. d5 {[%clk 1:31:29]} b5 {[%clk 1:31:39]} 4. cxb5 {[%clk 1:30:09]} a6
{[%clk 1:32:01]} 5. b6 {[%clk 1:30:30]} g6 {[%clk 1:32:23]} 6. Nc3 {[%clk
1:30:49]} Bg7 {[%clk 1:32:46]} 7. e4 {[%clk 1:31:06]} d6 {[%clk 1:33:10]} 8. Be2
{[%clk 1:30:45]} Qxb6 {[%clk 1:33:01]} 9. Nf3 {[%clk 1:31:06]} O-O {[%clk
1:33:18]} 10. Nd2 {[%clk 1:31:21]} Ne8 {[%clk 1:30:15]} 11. Nc4 {[%clk 1:31:41]}
Qb7 {[%clk 1:30:14]} 12. O-O {[%clk 1:31:39]} Nd7 {[%clk 1:27:47]} 13. a4 {[%clk
1:29:39]} Nb6 {[%clk 1:16:21]} 14. Ne3 {[%clk 1:29:34]} Nc7 {[%clk 1:15:00]} 15.
a5 {[%clk 1:29:01]} Nd7 {[%clk 1:15:10]} 16. Nc4 {[%clk 1:28:44]} Nb5 {[%clk
1:14:49]} 17. Na4 {[%clk 1:27:36]} Nd4 {[%clk 1:04:56]} 18. Nab6 {[%clk 1:27:01]}
Nxb6 {[%clk 1:03:51]} 19. Nxb6 {[%clk 1:27:12]} Rb8 {[%clk 1:04:11]} 20. Be3
{[%clk 1:23:54]} f5 {[%clk 1:01:06]} 21. f3 {[%clk 1:19:54]} f4 {[%clk 0:57:39]}
22. Bf2 {[%clk 1:18:37]} Qc7 {[%clk 0:47:27]} 23. Rb1 {[%clk 1:17:34]} g5 {[%clk
0:46:46]} 24. b4 {[%clk 1:15:02]} h5 {[%clk 0:40:18]} 25. b5 {[%clk 1:14:45]}
axb5 {[%clk 0:39:54]} 26. Rxb5 {[%clk 1:12:01]} Nxb5 {[%clk 0:31:43]} 27. Bxb5
{[%clk 1:12:23]} Qa7 {[%clk 0:31:18]} 28. Qd2 {[%clk 1:09:06]} Rd8 {[%clk
0:28:16]} 29. Rb1 {[%clk 1:06:31]} Ba6 {[%clk 0:28:04]} 30. Bc6 {[%clk 1:03:34]}
Qc7 {[%clk 0:25:08]} 31. Qa2 {[%clk 1:01:29]} Kf7 {[%clk 0:22:36]} 32. Bxc5
{[%clk 1:00:21]} Kg6 {[%clk 0:18:47]} 33. Bf2 {[%clk 0:59:25]} g4 {[%clk
0:16:13]} 34. Qc2 {[%clk 0:58:28]} Kh6 {[%clk 0:15:39]} 35. Qc1 {[%clk 0:56:33]}
Be5 {[%clk 0:14:36]} 36. fxg4 {[%clk 0:51:52]} hxg4 {[%clk 0:14:34]} 37. Rb3
{[%clk 0:46:34]} Rh8 {[%clk 0:11:06]} 38. h3 {[%clk 0:45:16]} gxh3 {[%clk
0:07:36]} 1/2-1/2